South Eastern Kenya University

Library Online Public Access Catalogue


The tragedy of Romeo and Juliet. (Record no. 13107)

MARC details
000 -LEADER
fixed length control field 00780cam a2200253u 4500
003 - CONTROL NUMBER IDENTIFIER
control field OSt
005 - DATE AND TIME OF LATEST TRANSACTION
control field 20160428122221.0
008 - FIXED-LENGTH DATA ELEMENTS--GENERAL INFORMATION
fixed length control field 830518s1964 nyu 000 0 eng
040 ## - CATALOGING SOURCE
Original cataloging agency SEKU
050 00 - LIBRARY OF CONGRESS CALL NUMBER
Classification number PR 2831.A2
Item number .S5
100 1# - MAIN ENTRY--PERSONAL NAME
Personal name Shakespeare, William
245 14 - TITLE STATEMENT
Title The tragedy of Romeo and Juliet.
Statement of responsibility, etc. William Shakespeare
260 ## - PUBLICATION, DISTRIBUTION, ETC. (IMPRINT)
Place of publication, distribution, etc. New York,
Name of publisher, distributor, etc. New American Library
Date of publication, distribution, etc. [1964]
300 ## - PHYSICAL DESCRIPTION
Extent xxxviii, 230 p.
Dimensions 19 cm.
650 #0 - SUBJECT ADDED ENTRY--TOPICAL TERM
Topical term or geographic name as entry element Romeo (Fictitious character)
Form subdivision Drama.
650 #0 - SUBJECT ADDED ENTRY--TOPICAL TERM
Topical term or geographic name as entry element Juliet (Fictitious character)
Form subdivision Drama.
650 #0 - SUBJECT ADDED ENTRY--TOPICAL TERM
Topical term or geographic name as entry element Vendetta
General subdivision Drama.
650 #0 - SUBJECT ADDED ENTRY--TOPICAL TERM
Topical term or geographic name as entry element Youth
General subdivision Drama.
651 #0 - SUBJECT ADDED ENTRY--GEOGRAPHIC NAME
Geographic name Verona (Italy)
General subdivision Drama.
655 #7 - INDEX TERM--GENRE/FORM
Genre/form data or focus term Tragedies.
Source of term gsafd
700 1# - ADDED ENTRY--PERSONAL NAME
Personal name Bryant, Joseph Allen,
Dates associated with a name 1919- [from old catalog]
Relator term ed.
740 0# - ADDED ENTRY--UNCONTROLLED RELATED/ANALYTICAL TITLE
Uncontrolled related/analytical title Romeo and Juliet.
942 ## - ADDED ENTRY ELEMENTS (KOHA)
Source of classification or shelving scheme Library of Congress Classification
Koha item type General circulation
Holdings
Withdrawn status Lost status Source of classification or shelving scheme Damaged status Not for loan Home library Current library Shelving location Date acquired Source of acquisition Total Checkouts Full call number Barcode Date last seen Date last checked out Price effective from Koha item type Public note
    Library of Congress Classification     Main Campus Library Main Campus Library General Stacks 28/04/2016 Donation - Books for Africa 4 PR 2831.A2 .S5 2016/013029 08/10/2019 26/09/2019 28/04/2016 General circulation JTH
Kitui, Kenya.
+254736116989
library@seku.ac.ke